=LDR 00000nam 2200000 4500 =001 INLIS000000000044482 =005 20131008105927 =008 ***********************************Ind** =035 ##$$0010-101300000002404 =041 ##$$a Ind =082 ##$$a 425 =090 ##$$a 425 , Par p =100 ##$$a Pardiono =245 ##$$a Pasti Bisa Bahasa Inggris 16 Tesis ; Pardiono =850 ##$$a NBPNMAT